000 00596nam a2200181Ia 4500
999 _c36993
_d36993
003 OSt
005 20210127124024.0
008 190216s9999||||xx |||||||||||||| ||und||
020 _a9780070616448
040 _coclc
082 _a658.0076
_bSHA/H
100 _aSharma, Arun
_98357
245 0 _aHow To Prepare For The Verbal Ability And Reading Comprehension For The CAT /
_cArun Sharma ; Meenakshi Upadhyay
260 _bTata Mcgrawhill Publishers,
_aNew Delhi:
_c2007.
300 _a557p
650 _aReferences
942 _cREF
_2ddc
_h658.0076
_iSHA/H
_k658.0076
_mSHA/H